|
|
|
|
| LEADER |
00000cas a2200000 a 4500 |
| 001 |
vtls009153299 |
| 003 |
SK-MaSNL |
| 005 |
20260228160634.0 |
| 008 |
141119d19521957xo sr p 0 b0slo |
| 022 |
|
|
|a 0477-0528
|
| 035 |
|
|
|a (SVKBB)vtls000276380
|
| 040 |
|
|
|a SVKBB
|b slo
|c SVKBB
|d SAVUK
|d SNK
|e AACR2
|
| 041 |
0 |
|
|a slo
|
| 044 |
|
|
|a xo
|c SK
|
| 072 |
|
7 |
|a 32
|x Politika
|2 konspekt
|
| 072 |
|
7 |
|a 33
|x Ekonómia
|2 konspekt
|
| 080 |
|
|
|a 32
|2 2001
|
| 080 |
|
|
|a 050
|2 2001
|
| 080 |
|
|
|a 33
|2 2001
|
| 080 |
|
|
|a 316.7
|2 2001
|
| 210 |
0 |
|
|a Pod zástavou social.
|
| 222 |
|
0 |
|a Pod zástavou socializmu
|
| 245 |
0 |
0 |
|a Pod zástavou socializmu
|b dvojtýždenník pre politiku, hospodárstvo a kultúru
|
| 260 |
|
|
|a Bratislava
|b Pravda
|c 1952-1957
|
| 300 |
|
|
|a 6 zv.
|c 25 cm
|
| 310 |
|
|
|a 24x ročne
|
| 362 |
0 |
|
|a Roč. 1, č. 1 (1. mája 1952)-roč. 6, č. 8 (1957)
|
| 500 |
|
|
|a Č. 13 (1955) vyšlo aj v maďarčine
|
| 500 |
|
|
|a Hlavný redaktor: 1952-1956, Mikuláš Šurina ; 1/1957-8/1957, Július Krajčí
|
| 550 |
|
|
|a Vydáva ÚV KSS, Bratislava
|
| 650 |
0 |
7 |
|a politika
|2 SNKPH
|9 968
|
| 650 |
0 |
7 |
|a ekonomika
|2 SNKPH
|9 789
|
| 650 |
0 |
7 |
|a kultúra
|2 SNKPH
|9 886
|
| 655 |
|
7 |
|a spoločenské časopisy
|2 SNKPH
|9 70515
|
| 700 |
1 |
|
|a Šurina, Mikuláš
|4 pbd
|9 265218
|
| 700 |
1 |
|
|a Krajčí, Július
|4 pbd
|9 267047
|
| 785 |
0 |
0 |
|t Predvoj
|x 0551-9292
|w vtls010302006
|
| 910 |
|
|
|a snk
|
| 916 |
|
|
|a 1952-1957
|
| 999 |
|
|
|c 3167
|d 5097
|
| 952 |
|
|
|0 0
|1 0
|4 0
|7 0
|a SNK
|b SNK
|d 1998-02-03
|i snkČSP 1172/58
|l 0
|o snkČSB 674/5/1956 D1
|p 17A0121556
|r 2005-01-02 00:00:00
|t č. 1-24, neúplné
|w 2026-02-21
|y PREZ
|z chýba č. 6,
|
| 952 |
|
|
|0 0
|1 0
|4 0
|7 0
|a SNK
|b SNK
|d 1998-02-03
|f 1
|i snkČSP 89/57
|l 0
|o snkČSB 674/5/1956/1
|p 17A0120420
|r 2005-01-02 00:00:00
|t č. 1- 12
|w 2026-02-21
|y PREZ
|
| 952 |
|
|
|0 0
|1 0
|4 0
|7 0
|a SNK
|b SNK
|d 2002-07-16
|f 1
|i snkČSP 465/58
|l 0
|o snkČSB 674/6/1957
|p 17A0269519
|r 2005-01-02 00:00:00
|t č. 1-8
|w 2026-02-21
|y PREZ
|
| 952 |
|
|
|0 0
|1 0
|4 0
|7 0
|8 1
|a SNK
|b SNK
|d 1998-02-03
|i snkD 2603/71
|l 0
|o snkČSB 674/5/1956 D2
|p 17A0121608
|r 2005-01-02 00:00:00
|t č. 1-24, neúplné
|w 2026-02-21
|y PREZ
|z chýba č. 8, 13
|
| 952 |
|
|
|0 0
|1 0
|4 0
|7 0
|a SNK
|b SNK
|d 1998-05-25
|f 1
|i snk365/54
|l 0
|o snkČSB 674/2/1953
|p 17A0142124
|r 2005-01-02 00:00:00
|t č. 1-24
|w 2026-02-21
|y PREZ
|
| 952 |
|
|
|0 0
|1 0
|4 0
|7 0
|a SNK
|b SNK
|d 2001-04-02
|f 1
|i snkII. 266/55
|l 0
|o snkČSB 674/3/1954
|p 17A0294533
|r 2005-01-02 00:00:00
|t č. 1-24
|w 2026-02-21
|y PREZ
|
| 952 |
|
|
|0 0
|1 0
|4 0
|7 0
|a SNK
|b SNK
|d 2006-02-07
|i snkČSP 280/57
|l 0
|o snkČSB 674/4/1955/2 D1
|p 17A0495951
|r 2026-02-21 20:57:35
|t č. 13-24
|w 2026-02-21
|y PREZ
|
| 952 |
|
|
|0 0
|1 0
|3 rekatalogizácia
|4 0
|7 0
|a SNK
|b SNK
|d 2006-02-07
|i snkČSP 280/57
|l 0
|o snkČSB 674/4/1955/1 D1
|p 17A0495769
|r 2026-02-21 20:57:35
|t č. 1-12, neúplné
|w 2026-02-21
|y PREZ
|z chýba č. 7 - 10
|
| 952 |
|
|
|0 0
|1 0
|4 0
|7 0
|a SNK
|b SNK
|d 2006-02-07
|f 1
|i snkČSP 114/56
|l 0
|o snkČSB 674/4/1955/1
|p 17A0495927
|r 2026-02-21 20:57:50
|t č. 1-14
|w 2026-02-21
|y PREZ
|
| 952 |
|
|
|0 0
|1 0
|4 0
|7 0
|a SNK
|b SNK
|d 2006-02-07
|f 1
|i snkČSP 114/56
|l 0
|o snkČSB 674/4/1955/2
|p 17A0495929
|r 2026-02-21 20:57:50
|t č. 15-24
|w 2026-02-21
|y PREZ
|
| 952 |
|
|
|0 0
|1 0
|4 0
|7 0
|a SNK
|b SNK
|d 2006-02-07
|i snkII. 1547/55
|l 0
|o snkČSB 674/3/1954 D1
|p 17A0495975
|r 2026-02-21 20:57:50
|t č. 1-24
|w 2026-02-21
|y PREZ
|
| 952 |
|
|
|0 0
|1 0
|4 0
|7 0
|a SNK
|b SNK
|d 2006-02-07
|i snkII. 1548/55
|l 0
|o snkČSB 674/3/1954 D2
|p 17A0495947
|r 2026-02-21 20:57:50
|t č. 1-24
|w 2026-02-21
|y PREZ
|
| 952 |
|
|
|0 0
|1 0
|3 rekatalogizácia
|4 0
|7 0
|8 1
|a SNK
|b SNK
|d 2006-02-07
|i snkD 2604/71
|l 0
|o snkČSB 674/6/1957 D2
|p 17A0495928
|r 2026-02-21 20:58:55
|t č. 1-8
|w 2026-02-21
|y PREZ
|
| 952 |
|
|
|0 0
|1 0
|4 0
|7 0
|a SNK
|b SNK
|d 2006-02-07
|i snkČSP 466/58
|l 0
|o snkČSB 674/6/1957 D1
|p 17A0495770
|r 2026-02-21 20:58:55
|t č. 1-8
|w 2026-02-21
|y PREZ
|
| 952 |
|
|
|0 0
|1 0
|3 rekatalogizácia
|4 0
|7 0
|a SNK
|b SNK
|d 2006-02-07
|f 1
|l 0
|o snkČSB 674/5/1956/2
|p 17A0495773
|r 2026-02-21 20:58:55
|t č. 13-24
|w 2026-02-21
|y PREZ
|
| 952 |
|
|
|0 0
|1 0
|3 rekatalogizácia
|4 0
|7 0
|8 5
|a SNK
|b SNK
|d 2006-02-07
|i snkF 1576/88
|l 0
|o snkČSB 674/4/1955 D2
|p 17A0495776
|r 2026-02-21 20:58:55
|t č. 1-24, neúplné
|w 2026-02-21
|y PREZ
|z chýba č. 1, 12
|
| 952 |
|
|
|0 0
|1 0
|4 0
|7 0
|8 5
|a SNK
|b SNK
|d 2006-02-07
|i snkXI. 2439/55
|l 0
|o snkČSB 674/2/1953 D1
|p 17A0495891
|r 2026-02-21 20:59:05
|t č. 1-24
|w 2026-02-21
|y PREZ
|
| 952 |
|
|
|0 0
|1 0
|4 0
|7 0
|8 1
|a SNK
|b SNK
|d 2006-02-07
|i snkD 2698/71
|l 0
|o snkČSB 674/2/1953 D2
|p 17A0495892
|r 2026-02-21 20:59:05
|t č. 1-24
|w 2026-02-21
|y PREZ
|
| 952 |
|
|
|0 0
|1 0
|3 rekatalogizácia
|4 0
|7 0
|a SNK
|b SNK
|d 2006-02-07
|f 1
|i snk440/53
|l 0
|o snkČSB 674/1/1952
|p 17A0495944
|r 2026-02-21 20:59:05
|t č. 1-16
|w 2026-02-21
|y PREZ
|
| 952 |
|
|
|0 0
|1 0
|3 rekatalogizácia
|4 0
|7 0
|a SNK
|b SNK
|d 2006-02-07
|i snkII. 1483/52
|l 0
|o snkČSB 674/1/1952 D1
|p 17A0495948
|r 2026-02-21 20:59:05
|t č. 1-16
|w 2026-02-21
|y PREZ
|
| 952 |
|
|
|0 0
|1 0
|3 rekatalogizácia
|4 0
|7 0
|8 1
|a SNK
|b SNK
|d 2006-02-07
|i snkD 2697/71
|l 0
|o snkČSB 674/1/1952 D3
|p 17A0495762
|r 2026-02-21 20:59:05
|t č. 1-16
|w 2026-02-21
|y PREZ
|